000 00944nam a2200265 i 4500
001 bg
100 1 _aPACZUŁA, Czesław.
245 1 0 _aElementy bilansoznawstwa.
_nCz.2,
_pZamknięcie roczne ksiąg rachunkowych oraz podatkowych ksiąg przychodów i rozchodów /
_cCzesław Paczuła.
260 _aWarszawa :
_b"Difin",
_c1998.
300 _a215, [1] s., [3] k. tabl. złoż. :
_berr. ;
_c21 cm.
490 1 _aVademecum Rachunkowości,
_x1334-1681 ;
_v12
500 _aSłownik terminów także ang., niem.
504 _aBibliogr. s. 204-213.
650 9 _aBilans księgowy
655 _aPoradniki
830 _aVademecum Rachunkowości,
_x1334-1681 ;
020 _a8387173592 (cz. 2)
040 _cBPK
041 0 _aplende
080 _a657.3(083.1)
920 _a83-87173-59-2 (cz. 2)
942 _cKS
008 s pl f |000 0 pol
999 _c41527
_d41527
856 _uhttp://koha.tu.koszalin.pl/cgi-bin/koha/opac-detail.pl?biblionumber=41527
_yKatalog online BPK